<?xml version="1.0" encoding="UTF-8"?>
<record
    xmlns:xsi="http://www.w3.org/2001/XMLSchema-instance"
    xsi:schemaLocation="http://www.loc.gov/MARC21/slim http://www.loc.gov/standards/marcxml/schema/MARC21slim.xsd"
    xmlns="http://www.loc.gov/MARC21/slim">

  <leader>01825nam a22002537a 4500</leader>
  <controlfield tag="008">260421b        |||||||| |||| 00| 0 ukr d</controlfield>
  <datafield tag="020" ind1=" " ind2=" ">
    <subfield code="a">5-11-004783-9</subfield>
    <subfield code="c">17.00</subfield>
  </datafield>
  <datafield tag="040" ind1=" " ind2=" ">
    <subfield code="b">&#x443;&#x43A;&#x440;.</subfield>
  </datafield>
  <datafield tag="041" ind1=" " ind2=" ">
    <subfield code="2">ukr</subfield>
    <subfield code="a">ukr</subfield>
  </datafield>
  <datafield tag="080" ind1=" " ind2=" ">
    <subfield code="a">338:336(075)</subfield>
  </datafield>
  <datafield tag="090" ind1=" " ind2=" ">
    <subfield code="a">338:336(075)</subfield>
    <subfield code="b">&#x413; 17</subfield>
  </datafield>
  <datafield tag="100" ind1=" " ind2=" ">
    <subfield code="a">&#x413;&#x430;&#x43B;&#x44C;&#x447;&#x438;&#x43D;&#x441;&#x44C;&#x43A;&#x438;&#x439;, &#x410;&#x43D;&#x430;&#x442;&#x43E;&#x43B;&#x456;&#x439;</subfield>
  </datafield>
  <datafield tag="245" ind1=" " ind2=" ">
    <subfield code="a">&#x41E;&#x441;&#x43D;&#x43E;&#x432;&#x438; &#x435;&#x43A;&#x43E;&#x43D;&#x43E;&#x43C;&#x456;&#x447;&#x43D;&#x438;&#x445; &#x437;&#x43D;&#x430;&#x43D;&#x44C;.</subfield>
    <subfield code="c">&#x420;&#x435;&#x434;&#x430;&#x43A;&#x442;&#x43E;&#x440;  &#x412;. &#x412;. &#x41F;&#x456;&#x432;&#x435;&#x43D;&#x44C;</subfield>
    <subfield code="h">&#x422;&#x435;&#x43A;&#x441;&#x442;</subfield>
  </datafield>
  <datafield tag="260" ind1=" " ind2=" ">
    <subfield code="a">&#x41A;&#x438;&#x457;&#x432;</subfield>
    <subfield code="b">&#x412;&#x438;&#x449;&#x430; &#x448;&#x43A;&#x43E;&#x43B;&#x430;</subfield>
    <subfield code="c">1998</subfield>
  </datafield>
  <datafield tag="300" ind1=" " ind2=" ">
    <subfield code="a">544 &#x441;.</subfield>
    <subfield code="b">&#x406;&#x43B;.</subfield>
    <subfield code="f">&#x412; &#x43E;&#x43F;&#x440;.</subfield>
  </datafield>
  <datafield tag="520" ind1=" " ind2=" ">
    <subfield code="a">&#x423; &#x43D;&#x430;&#x432;&#x447;&#x430;&#x43B;&#x44C;&#x43D;&#x43E;&#x43C;&#x443; &#x43F;&#x43E;&#x441;&#x456;&#x431;&#x43D;&#x438;&#x43A;&#x443; &#x432; &#x43D;&#x430;&#x443;&#x43A;&#x43E;&#x432;&#x43E;-&#x43F;&#x43E;&#x43F;&#x443;&#x43B;&#x44F;&#x440;&#x43D;&#x456;&#x439; &#x444;&#x43E;&#x440;&#x43C;&#x456; &#x432;&#x438;&#x43A;&#x43B;&#x430;&#x434;&#x435;&#x43D;&#x43E; &#x43D;&#x430;&#x439;&#x43D;&#x43E;&#x432;&#x456;&#x442;&#x43D;&#x456;&#x448;&#x456; &#x434;&#x43E;&#x441;&#x44F;&#x433;&#x43D;&#x435;&#x43D;&#x43D;&#x44F; &#x441;&#x432;&#x456;&#x442;&#x43E;&#x432;&#x43E;&#x457; &#x435;&#x43A;&#x43E;&#x43D;&#x43E;&#x43C;&#x456;&#x447;&#x43D;&#x43E;&#x457; &#x43D;&#x430;&#x443;&#x43A;&#x438; &#x442;&#x430; &#x441;&#x443;&#x447;&#x430;&#x441;&#x43D;&#x43E;&#x457; &#x43F;&#x440;&#x430;&#x43A;&#x442;&#x438;&#x43A;&#x438; &#x43F;&#x435;&#x440;&#x435;&#x445;&#x456;&#x434;&#x43D;&#x43E;&#x433;&#x43E; &#x43F;&#x435;&#x440;&#x456;&#x43E;&#x434;&#x443; &#x432; &#x423;&#x43A;&#x440;&#x430;&#x457;&#x43D;&#x456;. &#x426;&#x435; &#x43A;&#x443;&#x440;&#x441;, &#x449;&#x43E; &#x432;&#x438;&#x432;&#x447;&#x430;&#x454;&#x442;&#x44C;&#x441;&#x44F; &#x432; &#x443;&#x43D;&#x456;&#x432;&#x435;&#x440;&#x441;&#x438;&#x442;&#x435;&#x442;&#x430;&#x445; &#x43F;&#x43E; &#x432;&#x441;&#x44C;&#x43E;&#x43C;&#x443; &#x441;&#x432;&#x456;&#x442;&#x443;. &#x412;&#x456;&#x43D; &#x434;&#x43E;&#x43F;&#x43E;&#x43C;&#x430;&#x433;&#x430;&#x454; &#x437;&#x440;&#x43E;&#x437;&#x443;&#x43C;&#x456;&#x442;&#x438; &#x435;&#x43A;&#x43E;&#x43D;&#x43E;&#x43C;&#x456;&#x447;&#x43D;&#x456; &#x43F;&#x440;&#x43E;&#x446;&#x435;&#x441;&#x438;, &#x44F;&#x43A;-&#x43E;&#x442; &#x456;&#x43D;&#x444;&#x43B;&#x44F;&#x446;&#x456;&#x44F;, &#x431;&#x435;&#x437;&#x440;&#x43E;&#x431;&#x456;&#x442;&#x442;&#x44F;, &#x434;&#x435;&#x440;&#x436;&#x430;&#x432;&#x43D;&#x438;&#x439; &#x431;&#x44E;&#x434;&#x436;&#x435;&#x442;, &#x442;&#x430; &#x43F;&#x440;&#x438;&#x439;&#x43D;&#x44F;&#x442;&#x438; &#x43E;&#x431;&#x491;&#x440;&#x443;&#x43D;&#x442;&#x43E;&#x432;&#x430;&#x43D;&#x456; &#x440;&#x456;&#x448;&#x435;&#x43D;&#x43D;&#x44F; &#x449;&#x43E;&#x434;&#x43E; &#x440;&#x43E;&#x431;&#x43E;&#x442;&#x438; &#x442;&#x430; &#x431;&#x456;&#x437;&#x43D;&#x435;&#x441;&#x443;. &#x412;&#x438;&#x432;&#x447;&#x430;&#x454; &#x442;&#x435;&#x43C;&#x438; &#x435;&#x43A;&#x43E;&#x43D;&#x43E;&#x43C;&#x456;&#x447;&#x43D;&#x43E;&#x433;&#x43E; &#x440;&#x43E;&#x437;&#x432;&#x438;&#x442;&#x43A;&#x443;, &#x444;&#x443;&#x43D;&#x43A;&#x446;&#x456;&#x43E;&#x43D;&#x443;&#x432;&#x430;&#x43D;&#x43D;&#x44F; &#x43F;&#x456;&#x434;&#x43F;&#x440;&#x438;&#x454;&#x43C;&#x441;&#x442;&#x432;, &#x43F;&#x43E;&#x434;&#x430;&#x442;&#x43A;&#x456;&#x432; &#x442;&#x430; &#x431;&#x430;&#x43D;&#x43A;&#x456;&#x432;&#x441;&#x44C;&#x43A;&#x43E;&#x457; &#x441;&#x438;&#x441;&#x442;&#x435;&#x43C;&#x438;.</subfield>
  </datafield>
  <datafield tag="521" ind1=" " ind2=" ">
    <subfield code="a">&#x414;&#x43B;&#x44F; &#x448;&#x438;&#x440;&#x43E;&#x43A;&#x43E;&#x433;&#x43E; &#x43A;&#x43E;&#x43B;&#x430; &#x447;&#x438;&#x442;&#x430;&#x447;&#x456;&#x432;</subfield>
  </datafield>
  <datafield tag="546" ind1=" " ind2=" ">
    <subfield code="a">&#x443;&#x43A;&#x440;.</subfield>
  </datafield>
  <datafield tag="650" ind1=" " ind2=" ">
    <subfield code="a">&#x41D;&#x430;&#x432;&#x447;&#x430;&#x43B;&#x44C;&#x43D;&#x435; &#x432;&#x438;&#x434;&#x430;&#x43D;&#x43D;&#x44F;</subfield>
  </datafield>
  <datafield tag="653" ind1=" " ind2=" ">
    <subfield code="a">&#x420;&#x43E;&#x437;&#x432;&#x438;&#x442;&#x43E;&#x43A; &#x435;&#x43A;&#x43E;&#x43D;&#x43E;&#x43C;&#x456;&#x447;&#x43D;&#x43E;&#x457; &#x442;&#x435;&#x43E;&#x440;&#x456;&#x457;.</subfield>
    <subfield code="a">&#x420;&#x438;&#x43D;&#x43E;&#x43A;.</subfield>
    <subfield code="a">&#x412;&#x438;&#x440;&#x43E;&#x431;&#x43D;&#x438;&#x446;&#x442;&#x432;&#x43E;.</subfield>
    <subfield code="a">&#x41F;&#x43E;&#x434;&#x456;&#x43B; &#x43F;&#x440;&#x430;&#x446;&#x456;.</subfield>
  </datafield>
  <datafield tag="655" ind1=" " ind2=" ">
    <subfield code="a">&#x415;&#x43A;&#x43E;&#x43D;&#x43E;&#x43C;&#x456;&#x43A;&#x430;</subfield>
    <subfield code="v">&#x41D;&#x430;&#x432;&#x447;&#x430;&#x43B;&#x44C;&#x43D;&#x438;&#x439; &#x43F;&#x43E;&#x441;&#x456;&#x431;&#x43D;&#x438;&#x43A;</subfield>
  </datafield>
  <datafield tag="700" ind1=" " ind2=" ">
    <subfield code="a">&#x404;&#x449;&#x435;&#x43D;&#x43A;&#x43E; &#x41F;.&#x421;, &#x41F;&#x430;&#x43B;&#x43A;&#x456;&#x43D; &#x42E;.&#x406;</subfield>
  </datafield>
  <datafield tag="942" ind1=" " ind2=" ">
    <subfield code="2">udc</subfield>
    <subfield code="c">BK</subfield>
  </datafield>
  <datafield tag="999" ind1=" " ind2=" ">
    <subfield code="c">17415</subfield>
    <subfield code="d">17415</subfield>
  </datafield>
  <datafield tag="952" ind1=" " ind2=" ">
    <subfield code="0">0</subfield>
    <subfield code="1">0</subfield>
    <subfield code="2">udc</subfield>
    <subfield code="4">0</subfield>
    <subfield code="7">0</subfield>
    <subfield code="a">MBdD</subfield>
    <subfield code="b">MBdD</subfield>
    <subfield code="c">CHP</subfield>
    <subfield code="d">2026-04-21</subfield>
    <subfield code="i">48530</subfield>
    <subfield code="l">0</subfield>
    <subfield code="o">338:336(075)</subfield>
    <subfield code="p">16606</subfield>
    <subfield code="r">2026-04-21</subfield>
    <subfield code="w">2026-04-21</subfield>
    <subfield code="y">BK</subfield>
  </datafield>
</record>
